| 000 | 00549cam a22001932a 4500 | ||
|---|---|---|---|
| 001 | 022223 | ||
| 003 | AR-FADEU | ||
| 008 | 311216n1999####xxu####################dd | ||
| 092 |
_a362.1 _bE21 |
||
| 245 | _aEDUCACION nutricional : una propuesta metodológica (experiencia de trabajo con sectores populares) | ||
| 260 | _aCórdoba | ||
| 260 | _bSERVIPROH | ||
| 260 | _c1999 | ||
| 300 | _a117 p. : il. col | ||
| 500 | _aIncluye bibliografía | ||
| 700 | _aE. Marcela, Rodríguez, dir. | ||
| 650 | _aNUTRICION-EDUCACION; SALUD | ||
| 942 | _cBDGR | ||
| 999 |
_c27925 _d27925 |
||